00784 2200265 4500001002100000008004100021035002000062245011700082100002200199110002300221260003700244300001200281020001800293084001400311082000800325650001900333990001900352990002100371990002100392990002100413990002100434990002100455990002100476990002100497INLIS000000000001350 ind  a0010-0724001350 aSejarah Radio Mengungkap Sejarah Dan Perkembangan Radio Dari Awal Diciptakan Hingga Masa KinicEgha W.Z. Prayoga aEgha W.Z. Prayoga aPrayoga, Egha W.Z. aMakassarbCitra Adi Bangsac2010 a60 hlm. a979.9926.49.1 a621 EGH s a621 aFisika Terapan aP29/CP/24/1350 aP29/CP/24/1350.1 aP29/CP/24/1350.2 aP29/CP/24/1350.3 aP29/CP/24/1350.4 aP29/CP/24/1350.5 aP29/CP/24/1350.6 aP29/CP/24/1350.7